বাংলা কাব্যনাট্য / (Record no. 48851)
[ view plain ]
| 000 -LEADER | |
|---|---|
| fixed length control field | 00893nam a2200241 a 4500 |
| 001 - CONTROL NUMBER | |
| control field | 48851 |
| 003 - CONTROL NUMBER IDENTIFIER | |
| rucl marc code | BD-RjUL |
| 005 - DATE AND TIME OF LATEST TRANSACTION | |
| control field | 20211209054609.0 |
| 008 - FIXED-LENGTH DATA ELEMENTS--GENERAL INFORMATION | |
| fixed length control field | 160816s19861989ii |||| |||| 00| 0 ben d |
| 020 ## - INTERNATIONAL STANDARD BOOK NUMBER | |
| Terms of availability | :TK. 30.00 |
| 035 ## - SYSTEM CONTROL NUMBER | |
| System control number | (BD-RjUL)48970 |
| 040 ## - CATALOGING SOURCE | |
| Original cataloging agency | BD-RjUL |
| Language of cataloging | ben |
| Transcribing agency | BD-RjUL |
| 041 ## - LANGUAGE CODE | |
| Language code of text/sound track or separate title | ben |
| 082 ## - DEWEY DECIMAL CLASSIFICATION NUMBER | |
| Edition number | 23 |
| Classification number | 891.44109 |
| Author mark and year | DAB 1989 |
| 100 1# - MAIN ENTRY--PERSONAL NAME | |
| Personal name | দাশ, উত্তম |
| 9 (RLIN) | 147229 |
| 245 10 - TITLE STATEMENT | |
| Title | বাংলা কাব্যনাট্য / |
| Statement of responsibility, etc. | উত্তম দাশ |
| 250 ## - EDITION STATEMENT | |
| Edition statement | ২য় সং. |
| 260 ## - PUBLICATION, DISTRIBUTION, ETC. (IMPRINT) | |
| Place of publication, distribution, etc. | কলিকাতা : |
| Name of publisher, distributor, etc. | মহাদিগন্ত প্রকাশ সংস্হা, |
| Date of publication, distribution, etc. | ১৯৮৯ |
| 300 ## - PHYSICAL DESCRIPTION | |
| Pagination | [১৯], ১৩২ পৃ ; |
| Size | ২১ সেমি. |
| 650 ## - SUBJECT ADDED ENTRY--TOPICAL TERM | |
| Topical term or geographic name as entry element | বাংলা কবিতা |
| 9 (RLIN) | 146440 |
| General subdivision | ইতিহাস ও সমালোচনা |
| Topical term or geographic name as entry element | Bengali Poetry |
| 9 (RLIN) | 146441 |
| General subdivision | History and Criticism |
| 942 ## - ADDED ENTRY ELEMENTS (KOHA) | |
| Source of classification or shelving scheme | Dewey Decimal Classification |
| Koha item type | Books |
| Lost status | Source of classification or shelving scheme | Damaged status | Not for loan | Permanent Location | Current Location | Shelving location | Date acquired | Source of acquisition | Cost, normal purchase price | Total Checkouts | Full call number | Date last seen | Date checked out | Copy number | Koha item type |
|---|---|---|---|---|---|---|---|---|---|---|---|---|---|---|---|
| Dewey Decimal Classification | Central Library, University of Rajshahi | Central Library, University of Rajshahi | 31/12/1996 | Aunkur prakashani, Dhaka | 30.00 | 5 | B 891.44109 DAB 1989 | 02/01/2025 | 19/12/2024 | C-2 | Books |